The Muslim Question in Europe (Record no. 352846)
[ view plain ]
| 000 -LEADER | |
|---|---|
| fixed length control field | 00506nam a2200133Ia 4500 |
| 008 - FIXED-LENGTH DATA ELEMENTS--GENERAL INFORMATION | |
| fixed length control field | 171212s9999 xx 000 0 und d |
| 020 ## - INTERNATIONAL STANDARD BOOK NUMBER | |
| International Standard Book Number | 9781439912768 |
| 100 ## - MAIN ENTRY--PERSONAL NAME | |
| Personal name | O'Brien, Peter |
| 245 ## - TITLE STATEMENT | |
| Statement of responsibility, etc | O'Brien, Peter |
| Title | The Muslim Question in Europe |
| Remainder of title | Political Controversies and Public Philosophies |
| 260 ## - PUBLICATION, DISTRIBUTION, ETC. (IMPRINT) | |
| Name of publisher, distributor, etc | Temple University Press |
| Date of publication, distribution, etc | 2016 |
| 650 ## - SUBJECT ADDED ENTRY--TOPICAL TERM | |
| Topical term or geographic name as entry element | Muslims -- Europe -- Politics and government; Islam and politics -- Europe |
| 650 ## - SUBJECT ADDED ENTRY--TOPICAL TERM | |
| Topical term or geographic name as entry element | Political Science |
| 856 ## - ELECTRONIC LOCATION AND ACCESS | |
| Uniform Resource Identifier | <a href="http://jstor.org/stable/j.ctt1kft8dx">http://jstor.org/stable/j.ctt1kft8dx</a> |
| Withdrawn status | Lost status | Damaged status | Home library | Current library | Date acquired | Total Checkouts | Full call number | Date last seen | Price effective from | Koha item type |
|---|---|---|---|---|---|---|---|---|---|---|
| College Library | College Library | 12/12/2017 | D1056.2.M87O27 2016eb | 12/12/2017 | 12/12/2017 | Curriculum - Based eBooks |